000 00549nam a2200181Ia 4500
008 151202s9999||||xx |||||||||||||| ||und||
082 _bPNVM-54128
100 _aरांगणेकर कुमुदिनी.
245 _aचार उणे एक.
260 _b---
260 _c0
300 _a0
600 _aरांगणेकर कुमुदिनी.
630 _aचार उणे एक.
700 _aरांगणेकर कुमुदिनी.
730 _aचार उणे एक.
942 _cBOOK
999 _c1320667
_d1320664